<?xml version="1.0" encoding="UTF-8"?>
<record
    xmlns:xsi="http://www.w3.org/2001/XMLSchema-instance"
    xsi:schemaLocation="http://www.loc.gov/MARC21/slim http://www.loc.gov/standards/marcxml/schema/MARC21slim.xsd"
    xmlns="http://www.loc.gov/MARC21/slim">

  <leader>00606nam a22002057a 4500</leader>
  <controlfield tag="003">00</controlfield>
  <controlfield tag="005">20251015152837.0</controlfield>
  <controlfield tag="008">251015b        |||||||| |||| 00| 0 eng d</controlfield>
  <datafield tag="020" ind1=" " ind2=" ">
    <subfield code="a">978--35745-707-2</subfield>
  </datafield>
  <datafield tag="040" ind1=" " ind2=" ">
    <subfield code="a">BUAC</subfield>
    <subfield code="b">BUC</subfield>
    <subfield code="c">Fre</subfield>
  </datafield>
  <datafield tag="041" ind1=" " ind2=" ">
    <subfield code="a">Fr</subfield>
  </datafield>
  <datafield tag="100" ind1=" " ind2=" ">
    <subfield code="a">Nolen-Hoeksema Susan</subfield>
  </datafield>
  <datafield tag="245" ind1=" " ind2=" ">
    <subfield code="a">Ces Femmes qui reprennent le pouvoir sur leur vie </subfield>
    <subfield code="b">/ par Susan Nolen-Hoeksema</subfield>
  </datafield>
  <datafield tag="260" ind1=" " ind2=" ">
    <subfield code="a">Paris :</subfield>
    <subfield code="b">NouveauHorizon, </subfield>
    <subfield code="c">2023.</subfield>
  </datafield>
  <datafield tag="300" ind1=" " ind2=" ">
    <subfield code="a">510 p.</subfield>
    <subfield code="b">Couv.ill en coul,</subfield>
    <subfield code="c">18 cm.</subfield>
  </datafield>
  <datafield tag="630" ind1=" " ind2=" ">
    <subfield code="a">PHYLOSOPHIE-PSYCHOLOGIE</subfield>
  </datafield>
  <datafield tag="651" ind1=" " ind2=" ">
    <subfield code="a">DEVELOPPEMENT</subfield>
  </datafield>
  <datafield tag="651" ind1=" " ind2=" ">
    <subfield code="a">Progr&#xE8;s de la personnalit&#xE9;</subfield>
  </datafield>
  <datafield tag="942" ind1=" " ind2=" ">
    <subfield code="2">ddc</subfield>
    <subfield code="c">LBA</subfield>
  </datafield>
  <datafield tag="999" ind1=" " ind2=" ">
    <subfield code="c">63449</subfield>
    <subfield code="d">63449</subfield>
  </datafield>
  <datafield tag="952" ind1=" " ind2=" ">
    <subfield code="0">0</subfield>
    <subfield code="1">0</subfield>
    <subfield code="2">ddc</subfield>
    <subfield code="4">0</subfield>
    <subfield code="7">0</subfield>
    <subfield code="a">BUAC</subfield>
    <subfield code="b">BUAC</subfield>
    <subfield code="c">R&#xE9;serve</subfield>
    <subfield code="d">2025-10-15</subfield>
    <subfield code="e">ACHAT</subfield>
    <subfield code="f">24/0063</subfield>
    <subfield code="l">0</subfield>
    <subfield code="o">159.923.2NOL</subfield>
    <subfield code="p">24-0063Buc</subfield>
    <subfield code="r">2025-10-15 15:33:44</subfield>
    <subfield code="t">1</subfield>
    <subfield code="w">2025-10-15</subfield>
    <subfield code="y">LBA</subfield>
  </datafield>
</record>
